000 00452nam a2200181Ia 4500
001 9611
005 20260306161731.0
008 260306t2015||||xx |||||||||||||| ||spa||
041 _aESP
082 _a382.63
_bR78
100 _aRojas Villanueva, Javier
_eAUT
245 0 _aGuía para la primera exportación de las mypes 2015
260 _c2015
300 _a117 páginas :
_c30 cm.
650 _aGEN
654 _aCAN
942 _cLIB
_dJUS
_fJUS
_2ddc
_n
999 _c9611
_d9611